00570cam a2200169 a 450000100100000000500170001000800410002704000250006808200270009310000350012024500790015525000110023426000510024530000210029665000390031765000440035600001323320200929163154.0770819s1970 ck b 001 0 spa  aDO-SdBNPbspacBNPHU a333.31098bG216d, 19701 aGarcía, Antonio,d1912-1982.10aDinamica de las reformas agrarias en América Latina /cAntonio García. a3a ed. aMedellín, Colombia :bLa Oveja Negra,c1970. a142 p. ;c23 cm. 4aReforma agrariazAmérica Latina. 4aTenencia de la tierrazAmérica Latina